Name the Avatar: The Last Airbender character by quote - Statistics

General Stats
  • This quiz has been taken 715 times
  • The average score is 10 of 12
Answer Stats
Hint Answer % Correct
'' More like the coldest tea in Ba Sing Se'' Iroh
99%
'' The Fire Nation took my mother away '' Katara
99%
'' I must capture the Avatar to regain my honour '' Zuko
99%
'' Honestly what is wrong with you people I'm blind '' Toph
98%
'' I'm about to celebrate becoming a lonely child '' Azula
97%
'' I'm trying to capture the moment '' Sokka
97%
'' She was born lucky, but you were lucky to be born'' Ozai
93%
'' I'm saving the jerk who dumped me '' Mai
91%
'' The past can be a great teacher '' Aang
82%
'' You make sense of our past Aang '' Roku
74%
'' My Father just got out of prison now he's going back '' Haru
61%
''Off with their heads!, one head off for head of cabbage'' Cabbage Merchant
52%
No matching quizzes found
Score Distribution
Percent of People with Each Score
Percentile by Number Answered
Your Score History
You have not taken this quiz